| 000 | 00419nam a22001697a 4500 | ||
|---|---|---|---|
| 003 | CEME | ||
| 005 | 20210628205017.0 | ||
| 008 | 210222b xxu||||| |||| 00| 0 eng d | ||
| 020 | _a0-8247-9428-1 | ||
| 040 | _c. | ||
| 082 | _a621.36 WIL | ||
| 100 |
_aWilley,Robald.R _973370 |
||
| 245 | _aPractical design and production of optical thin films | ||
| 260 |
_aUSA _bDEKKER _c1996 |
||
| 300 | _a284P | ||
| 942 |
_cBK _2ddc |
||
| 999 |
_c579131 _d579131 |
||